[Event "Hoogeveen open"]
[Site "Hoogeveen, Netherlands"]
[Date "2008.10.20"]
[Round "4"]
[White "Rademakers, Evert"]
[Black "Vedder, Richard"]
[Result "0-1"]
[WhiteElo "2151"]
[BlackElo "2334"]
[PlyCount "90"]
[EventDate "2008.??.??"]

1. d4 Nf6 2. Nf3 e6 3. c4 d5 4. g3 dxc4 5. Bg2 Nc6 6. Qa4 Bb4+ 7. Bd2 Nd5 8.
Bxb4 Ndxb4 9. a3 b5 10. Qxb5 Nc2+ 11. Kd2 Nxa1 12. Qxc6+ Bd7 13. Qxc4 c5 14.
Nc3 cxd4 15. Nxd4 Rc8 16. Qd3 e5 17. Rxa1 exd4 18. Qxd4 O-O 19. Ke1 Bc6 20.
Qxd8 Rfxd8 21. Bxc6 Rxc6 22. Rd1 Rxd1+ 23. Kxd1 g5 24. Ne4 g4 25. f3 f5 26. Nf2
Rh6 27. fxg4 Rxh2 28. Ke1 Rg2 29. gxf5 Rxg3 30. Nd3 h5 31. Kf2 h4 32. Nf4 Kf7
33. Ng6 Rb3 34. Nxh4 Rxb2 35. Kf3 Rb3+ 36. Kf4 Rxa3 37. e4 a5 38. Ng6 a4 39.
Ne5+ Kg7 40. Nd7 Ra1 41. e5 Kf7 42. e6+ Ke7 43. Nb6 a3 44. Nd5+ Kf8 45. f6 a2
0-1

[Event "Hoogeveen open"]
[Site "Hoogeveen, Netherlands"]
[Date "2008.10.20"]
[Round "4"]
[White "Humphrey, Jonathan"]
[Black "Meurs, Tom"]
[Result "1/2-1/2"]
[WhiteElo "2330"]
[BlackElo "2110"]
[PlyCount "94"]
[EventDate "2008.??.??"]

1. e4 e5 2. Nf3 Nc6 3. Bb5 a6 4. Ba4 Nf6 5. O-O Nxe4 6. d4 b5 7. Bb3 d5 8. dxe5
Be6 9. Nbd2 Be7 10. c3 O-O 11. Bc2 f5 12. Nb3 Qd7 13. Nfd4 Nxd4 14. Nxd4 c5 15.
Nxe6 Qxe6 16. f3 Ng5 17. a4 Rad8 18. axb5 axb5 19. Bxg5 Bxg5 20. f4 Be7 21. Kh1
Kh8 22. Ra7 d4 23. Qf3 dxc3 24. bxc3 Rd2 25. Bb1 Rd7 26. Rxd7 Qxd7 27. Rd1 Qe6
28. Qd3 c4 29. Qd7 Qxd7 30. Rxd7 Rd8 31. Rxd8+ Bxd8 32. Bxf5 g5 33. Bd7 gxf4
34. Bxb5 Kg7 35. e6 Kf6 36. Bxc4 Ba5 37. Kg1 Bxc3 38. Kf2 Bb4 39. Kf3 h5 40.
Ke4 Bd6 41. Kd5 Ke7 42. Be2 h4 43. h3 Bb8 44. Bd3 f3 45. gxf3 Bf4 46. Ke4 Bg5
47. Bc4 Bf6 1/2-1/2

[Event "Hoogeveen open"]
[Site "Hoogeveen, Netherlands"]
[Date "2008.10.20"]
[Round "4"]
[White "Colijn, Stefan"]
[Black "Pel, Bonno"]
[Result "0-1"]
[WhiteElo "2118"]
[BlackElo "2324"]
[PlyCount "66"]
[EventDate "2008.??.??"]

1. e4 d6 2. d4 g6 3. Nc3 Bg7 4. Be3 a6 5. a4 Nf6 6. h3 O-O 7. Nf3 b6 8. Bc4
Nxe4 9. Nxe4 d5 10. Bd3 dxe4 11. Bxe4 Ra7 12. Qd3 f5 13. Qb3+ e6 14. Bd3 Nc6
15. Rd1 f4 16. Bc1 Nxd4 17. Nxd4 Bxd4 18. O-O Qf6 19. Qc4 Bb7 20. Bf5 Qxf5 21.
Rxd4 Bd5 22. Qc3 Qg5 23. g3 Qh6 24. h4 g5 25. b4 c6 26. Re1 Rg7 27. Bb2 gxh4
28. Rxd5 exd5 29. Re6 fxg3 30. Rxh6 gxf2+ 31. Kh2 Rg2+ 32. Kh3 Rg3+ 33. Qxg3+
hxg3 0-1

[Event "Hoogeveen open"]
[Site "Hoogeveen, Netherlands"]
[Date "2008.10.20"]
[Round "4"]
[White "Prasanna, Rao"]
[Black "Van der Veen, Jan"]
[Result "1-0"]
[WhiteElo "2311"]
[BlackElo "2114"]
[PlyCount "53"]
[EventDate "2008.??.??"]

1. e4 e5 2. Nf3 Nc6 3. Bc4 Nf6 4. d3 Be7 5. c3 O-O 6. O-O d6 7. Re1 h6 8. Nbd2
Nh7 9. h3 Ng5 10. d4 Bd7 11. a4 a5 12. Nxg5 Bxg5 13. Nf3 Bxc1 14. Rxc1 Qe7 15.
Qb3 b6 16. Bd5 Rac8 17. Rcd1 Nb8 18. Bc4 Rcd8 19. dxe5 dxe5 20. Rd5 Qf6 21.
Nxe5 Be6 22. Ng4 Bxg4 23. hxg4 Nd7 24. e5 Qh4 25. g3 Qxg4 26. e6 Nc5 27. exf7+
1-0

[Event "Hoogeveen open"]
[Site "Hoogeveen, Netherlands"]
[Date "2008.10.20"]
[Round "4"]
[White "Lammens, Tim"]
[Black "Ten Vergert, Paul"]
[Result "1/2-1/2"]
[WhiteElo "2288"]
[BlackElo "1980"]
[PlyCount "30"]
[EventDate "2008.??.??"]

1. e4 d5 2. exd5 Qxd5 3. Nf3 Bg4 4. Be2 Nf6 5. d4 e6 6. c4 Bb4+ 7. Nbd2 Qd6 8.
Qb3 Nc6 9. O-O O-O 10. c5 Qd8 11. Nc4 a5 12. Rd1 a4 13. Qe3 Nd5 14. Qg5 Qxg5
15. Bxg5 a3 1/2-1/2

[Event "Hoogeveen open"]
[Site "Hoogeveen, Netherlands"]
[Date "2008.10.20"]
[Round "4"]
[White "Miedema, Roi"]
[Black "Mellema, Andries"]
[Result "1-0"]
[WhiteElo "2307"]
[BlackElo "2097"]
[PlyCount "111"]
[EventDate "2008.??.??"]

1. e4 e6 2. d4 d5 3. Nc3 Bb4 4. e5 c5 5. a3 Bxc3+ 6. bxc3 Ne7 7. Nf3 b6 8. a4
Qc7 9. Bb5+ Bd7 10. Bd3 h6 11. O-O Nbc6 12. Ba3 Na5 13. Nd2 O-O 14. Nb3 Nxb3
15. cxb3 f6 16. f4 fxe5 17. fxe5 Rxf1+ 18. Qxf1 Rf8 19. Qe2 Rf7 20. Rc1 Nf5 21.
Qh5 Be8 22. Qg6 Qe7 23. Rf1 Rf8 24. Qg4 h5 25. Qf4 Bg6 26. c4 Rd8 27. dxc5 bxc5
28. cxd5 Rxd5 29. Bc4 Rd4 30. Qc1 Kh7 31. Qc3 Qc7 32. Re1 Nh4 33. Bf1 Rg4 34.
h3 Rg5 35. Bc1 Rf5 36. Qc4 Qe7 37. Bf4 Rf7 38. Be3 Nf5 39. Bxc5 Qg5 40. Qc1 Qd8
41. Bc4 Qc8 42. Bf2 Rc7 43. Qd2 Ne7 44. Qd6 Bf7 45. Rd1 Nd5 46. Ba6 Qb8 47. Kh2
Nb4 48. Bb5 Nd5 49. Rxd5 exd5 50. e6 Qb7 51. exf7 Rxf7 52. Bd3+ Kg8 53. Qd8+
Rf8 54. Bh7+ Kf7 55. Qg5 Ke6 56. Bg3 1-0

[Event "Hoogeveen open"]
[Site "Hoogeveen, Netherlands"]
[Date "2008.10.20"]
[Round "4"]
[White "Clemens, Adrian"]
[Black "Rooda, Kai"]
[Result "1-0"]
[WhiteElo "2261"]
[BlackElo "2141"]
[PlyCount "145"]
[EventDate "2008.??.??"]

1. d4 Nf6 2. c4 e6 3. Nc3 Bb4 4. Qc2 O-O 5. a3 Bxc3+ 6. Qxc3 d6 7. Bg5 Nbd7 8.
e3 b6 9. Bd3 Bb7 10. f3 h6 11. Bh4 c5 12. Ne2 Qc7 13. O-O Rac8 14. Rac1 Rfe8
15. Qd2 Kh8 16. Rfd1 g5 17. Bf2 Re7 18. b4 Rg8 19. e4 Nh5 20. g4 Nhf6 21. Qb2
e5 22. dxc5 dxc5 23. Ng3 Re6 24. Nf5 Ne8 25. Be2 Kh7 26. Rd2 Nf8 27. Rcd1 Bc8
28. bxc5 bxc5 29. Qb5 Ng6 30. Qxc5 Qxc5 31. Bxc5 Nf4 32. Bf1 Ng7 33. Nd6 a6 34.
Bb6 Rf6 35. c5 Nfe6 36. c6 Nd4 37. Bxd4 Rxd6 38. Bxe5 Rxc6 39. Rd6 Rc5 40. Bd4
Ra5 41. Bb2 Ne6 42. R1d5 Ra4 43. Rb6 Nf4 44. Rdd6 Be6 45. Rxa6 Rxa6 46. Rxa6
Rc8 47. Rb6 Rd8 48. Be5 Rd1 49. Rc6 h5 50. Bxf4 gxf4 51. h3 Ra1 52. Rc3 Kh6 53.
Kf2 Ra2+ 54. Be2 Ra1 55. h4 hxg4 56. fxg4 Ra2 57. g5+ Kg6 58. Kf3 Kh5 59. Bb5
Kxh4 60. Kxf4 Bg4 61. a4 Rf2+ 62. Ke5 Kxg5 63. Rc7 Be6 64. Kd4 Kf4 65. a5 Rd2+
66. Bd3 Ra2 67. a6 Ra4+ 68. Kc5 Ra5+ 69. Kb6 Ra3 70. a7 Rb3+ 71. Bb5 Ra3 72.
Bc6 Rb3+ 73. Kc5 1-0

[Event "Hoogeveen open"]
[Site "Hoogeveen, Netherlands"]
[Date "2008.10.20"]
[Round "4"]
[White "Galje, Hans"]
[Black "Ducarmon, Quinten"]
[Result "0-1"]
[WhiteElo "2121"]
[BlackElo "2083"]
[PlyCount "136"]
[EventDate "2008.??.??"]

1. d4 Nf6 2. c4 e6 3. Nc3 Bb4 4. e3 c5 5. Nge2 cxd4 6. exd4 d5 7. a3 Be7 8.
cxd5 Nxd5 9. g3 b6 10. Qa4+ Bd7 11. Qb3 Bc6 12. Bg2 Nxc3 13. Bxc6+ Nxc6 14.
bxc3 O-O 15. O-O Rc8 16. a4 Na5 17. Qa2 Nc4 18. Nf4 Bg5 19. Qe2 Bxf4 20. Bxf4
Qd7 21. Rfd1 Rfd8 22. Bg5 Re8 23. Qg4 Kh8 24. Qe2 Na5 25. Ra3 Rc4 26. Rda1 Rec8
27. Bd2 R4c7 28. Be1 Qd5 29. Qb5 Qe4 30. Qb1 Qb7 31. Qd3 Rd7 32. Qe2 Rd5 33.
Rb1 e5 34. Qe4 Qd7 35. dxe5 Nc4 36. e6 Qd6 37. Ra2 Re5 38. Qg4 h5 39. Qh3 Re8
40. f4 Qxe6 41. Qxe6 R5xe6 42. Bf2 h4 43. Rb5 hxg3 44. hxg3 f6 45. Rd5 Kg8 46.
Rd4 Re4 47. Rd7 R4e7 48. Rd4 Rc7 49. Rd3 Kf7 50. Bd4 Re1+ 51. Kf2 Rb1 52. Kf3
Rb2 53. Ra1 Re7 54. Be3 Nxe3 55. Rxe3 Rxe3+ 56. Kxe3 Rg2 57. Kf3 Rc2 58. Ra3
Ke6 59. Ke4 g6 60. g4 Kd6 61. Ra1 Rxc3 62. Rd1+ Ke7 63. Rd4 Rg3 64. Kd5 Rxg4
65. Kc6 g5 66. Rd7+ Ke6 67. Rxa7 gxf4 68. Kxb6 f3 0-1

[Event "Hoogeveen open"]
[Site "Hoogeveen, Netherlands"]
[Date "2008.10.20"]
[Round "4"]
[White "Potze, Rudolf"]
[Black "Van der Leest, Bert"]
[Result "0-1"]
[WhiteElo "2105"]
[BlackElo "2146"]
[PlyCount "68"]
[EventDate "2008.??.??"]

1. e4 c5 2. c3 d6 3. Bc4 Nf6 4. d3 g6 5. Nf3 Bg7 6. O-O O-O 7. h3 Nc6 8. Bb3 e5
9. Be3 b6 10. Re1 Bb7 11. Nbd2 d5 12. Bg5 d4 13. Nf1 h6 14. Bh4 Qd6 15. c4 Nh5
16. Bg3 Nf4 17. Ba4 Ne7 18. Bxf4 exf4 19. Qd2 g5 20. Bd1 Ng6 21. N3h2 Be5 22.
Qe2 Kg7 23. a3 Rae8 24. Qd2 Rh8 25. Bh5 Nh4 26. Nf3 Nxf3+ 27. Bxf3 h5 28. Nh2
Bc8 29. Kf1 Qg6 30. Bd1 g4 31. h4 Qf6 32. Ba4 Re7 33. Ke2 f3+ 34. Kd1 fxg2 0-1

[Event "Hoogeveen open"]
[Site "Hoogeveen, Netherlands"]
[Date "2008.10.20"]
[Round "4"]
[White "Van der Velde, Wytse"]
[Black "Akotchik, Viktor"]
[Result "0-1"]
[WhiteElo "1978"]
[BlackElo "2128"]
[PlyCount "92"]
[EventDate "2008.??.??"]

1. e4 d5 2. exd5 Nf6 3. Nf3 Nxd5 4. d4 g6 5. c4 Nb6 6. Nc3 Bg7 7. c5 Nd5 8. Bc4
c6 9. O-O Be6 10. Qb3 b5 11. cxb6 axb6 12. Ng5 Bxd4 13. Nxe6 fxe6 14. Bh6 Nd7
15. Rad1 Nc5 16. Qc2 Bf6 17. b4 Nd7 18. Ne4 Qc8 19. Rfe1 Kf7 20. Qe2 Ne5 21.
Bxd5 cxd5 22. Nxf6 exf6 23. f4 Nc6 24. Rc1 Qd7 25. Qe3 Rhc8 26. Rcd1 Nxb4 27.
Qxb6 Rcb8 28. Qc5 Rxa2 29. h4 Qa7 30. Rc1 Nd3 31. Qxa7+ Rxa7 32. Ra1 Rc7 33.
Reb1 Rxb1+ 34. Rxb1 Rc1+ 35. Rxc1 Nxc1 36. f5 Ne2+ 37. Kf2 Nd4 38. fxe6+ Kxe6
39. Bd2 Ke5 40. Bc3 Ke4 41. Bb2 f5 42. Bc1 f4 43. Bb2 Nf5 44. Bf6 d4 45. Ke2
d3+ 46. Kd2 Ne3 0-1

[Event "Hoogeveen open"]
[Site "Hoogeveen"]
[Date "2008.??.??"]
[Round "5"]
[White "Spoelman, Wouter"]
[Black "Gupta, Abhijeet"]
[Result "0-1"]
[WhiteElo "2459"]
[BlackElo "2580"]
[PlyCount "66"]
[EventDate "2008.??.??"]

1. e4 c5 2. Nf3 d6 3. d4 cxd4 4. Nxd4 Nf6 5. Nc3 Nc6 6. Bg5 e6 7. Qd2 a6 8.
O-O-O Bd7 9. f3 Be7 10. Kb1 Qc7 11. g4 b5 12. Nxc6 Bxc6 13. h4 Rc8 14. Rg1 O-O
15. Bd3 Bb7 16. f4 b4 17. Bxf6 Bxf6 18. Ne2 g6 19. g5 Bg7 20. h5 a5 21. f5 Be5
22. f6 d5 23. exd5 Bxd5 24. hxg6 fxg6 25. Rh1 Rfd8 26. Qe3 a4 27. Be4 Rd7 {
Diagram #} 28. Nd4 Bxe4 29. Qxe4 Rxd4 30. Rxd4 Bxd4 31. f7+ Kf8 32. Rxh7 Qc4
33. Rh1 Qc6 0-1

[Event "Hoogeveen open"]
[Site "Hoogeveen"]
[Date "2008.??.??"]
[Round "5"]
[White "Neelotpal, Das"]
[Black "Kempinski, Robert"]
[Result "1/2-1/2"]
[WhiteElo "2477"]
[BlackElo "2595"]
[PlyCount "31"]
[EventDate "2008.??.??"]

1. d4 Nf6 2. Nf3 g6 3. Bg5 Bg7 4. Nbd2 h6 5. Bh4 d6 6. e4 O-O 7. c3 c5 8. dxc5
dxc5 9. Bc4 Nc6 10. O-O Na5 11. Be2 Be6 12. Qc2 Nh5 13. Rfd1 Qc7 14. Nf1 Nf4
15. Ne3 Rad8 16. Bf1 1/2-1/2

[Event "Hoogeveen open"]
[Site "Hoogeveen"]
[Date "2008.??.??"]
[Round "5"]
[White "Ernst, Sipke"]
[Black "Naumkin, Igor"]
[Result "0-1"]
[WhiteElo "2576"]
[BlackElo "2506"]
[PlyCount "202"]
[EventDate "2008.??.??"]

1. Nf3 e6 2. c4 Nf6 3. g3 d5 4. Bg2 d4 5. b4 c5 6. O-O cxb4 7. a3 Nc6 8. e3 a5
9. Bb2 e5 10. exd4 exd4 11. Re1+ Be7 12. axb4 Nxb4 13. d3 O-O 14. Na3 Bf5 15.
Bf1 Nc6 16. Nc2 Bc5 17. Qd2 Qd6 18. Reb1 b6 19. Na3 Rad8 20. Nb5 Qb8 21. Bg2 h6
22. Ba3 Nb4 23. Bxb4 Bxb4 24. Rxb4 axb4 25. Nbxd4 Qc8 26. Rb1 Qc5 27. Nxf5 Qxf5
28. Rb3 Qc5 29. Bf1 b5 30. Qxb4 Qxb4 31. Rxb4 bxc4 32. Rxc4 Ra8 33. Nd2 Ra2 34.
Ne4 Nd5 35. Rd4 Nc7 36. Bh3 Raa8 37. Rd7 Nb5 38. Rd5 Rab8 39. Bd7 Nc7 40. Rc5
Na6 41. Rf5 Nb4 42. Bb5 Rfd8 43. Bc4 Rb7 44. Nc5 Re7 45. Kg2 Nc2 46. h4 Nd4 47.
Rf4 Nc6 48. Ba2 Rd4 49. Rf3 Rd6 50. Rf4 Ra7 51. Bb3 g6 52. Re4 Kg7 53. Re8 Rc7
54. h5 g5 55. Ra8 Ne5 56. Ra5 Nxd3 57. Nxd3 Rxd3 58. Rb5 Rcc3 59. Bd5 Rd2 60.
Be4 Rc4 61. Bb1 Rc6 62. Be4 Ra6 63. Rc5 Ra4 64. Bc6 Raa2 65. Rf5 Ra6 66. Bf3
Rf6 67. Rc5 Ra2 68. Rc7 Rd6 69. Rc1 Rdd2 70. Rf1 f5 71. g4 Kf6 72. Kg3 Ra3 73.
Kg2 Rd4 74. gxf5 g4 75. Bb7 Kxf5 76. Rc1 Ra5 77. Bc6 Kg5 78. Be8 Rd2 79. Rc3
Rf5 80. Bc6 Rfxf2+ 81. Kg3 Rc2 82. Rd3 Rfd2 83. Ra3 Rxc6 84. Ra5+ Kf6 85. Kxg4
Rd4+ 86. Kg3 Rb4 87. Ra3 Rcb6 88. Ra8 Rb3+ 89. Kf2 Rc6 90. Ra2 Kg5 91. Kg2 Kxh5
92. Kh2 Rbc3 93. Ra4 Rc2+ 94. Kg1 Rb6 95. Ra1 Rcb2 96. Ra4 R6b4 97. Ra8 Kh4 98.
Ra6 h5 99. Ra5 Kg4 100. Ra8 Kg3 101. Rg8+ Rg4 0-1

[Event "Hoogeveen open"]
[Site "Hoogeveen"]
[Date "2008.??.??"]
[Round "5"]
[White "Agamaliev, Gamil"]
[Black "Ikonnikov, Vyacheslav"]
[Result "1/2-1/2"]
[WhiteElo "2479"]
[BlackElo "2571"]
[PlyCount "25"]
[EventDate "2008.??.??"]

1. d4 Nf6 2. Nf3 e6 3. e3 b6 4. Bd3 Bb7 5. O-O Be7 6. c4 O-O 7. Nc3 d5 8. b3
Ne4 9. Bb2 Nd7 10. Rc1 f5 11. cxd5 Nxc3 12. Rxc3 Bxd5 13. Qe2 1/2-1/2

[Event "Hoogeveen open"]
[Site "Hoogeveen, Netherlands"]
[Date "2008.10.21"]
[Round "5"]
[White "Safarli, Eltaj"]
[Black "Van der Wiel, John T.H"]
[Result "1/2-1/2"]
[WhiteElo "2568"]
[BlackElo "2501"]
[PlyCount "36"]
[EventDate "2008.??.??"]

1. e4 e5 2. Nf3 Nc6 3. Bb5 a6 4. Ba4 Nf6 5. Qe2 d6 6. O-O Bd7 7. c3 g6 8. d4
Qe7 9. Bg5 Bg7 10. dxe5 Nxe5 11. Nxe5 Bxa4 12. Ng4 Qe6 13. Nxf6+ Bxf6 14. Bxf6
Qxf6 15. c4 O-O 16. Nc3 Bc6 17. f3 Rae8 18. Qf2 Qe5 1/2-1/2

[Event "Hoogeveen open"]
[Site "Hoogeveen, Netherlands"]
[Date "2008.10.21"]
[Round "5"]
[White "Romanishin, Oleg M"]
[Black "Hort, Vlastimil"]
[Result "1/2-1/2"]
[WhiteElo "2532"]
[BlackElo "2478"]
[PlyCount "35"]
[EventDate "2008.??.??"]

1. d4 d5 2. Nf3 c6 3. c4 Nf6 4. Nc3 dxc4 5. e3 b5 6. a4 b4 7. Ne2 c5 8. Nf4 e6
9. Bxc4 Nbd7 10. O-O Bb7 11. Ng5 Rc8 12. d5 exd5 13. Nxd5 Ne5 14. Bb5+ Nc6 15.
e4 a6 16. Nxf6+ gxf6 17. Bxc6+ Bxc6 18. Nh3 1/2-1/2

[Event "Hoogeveen open"]
[Site "Hoogeveen, Netherlands"]
[Date "2008.10.21"]
[Round "5"]
[White "Diamant, Andre"]
[Black "Pavlovic, Milos"]
[Result "0-1"]
[WhiteElo "2412"]
[BlackElo "2524"]
[PlyCount "48"]
[EventDate "2008.??.??"]

1. e4 e5 2. Nf3 Nc6 3. Bb5 a6 4. Ba4 Nf6 5. O-O Be7 6. Re1 b5 7. Bb3 O-O 8. h3
Bb7 9. d3 d6 10. a4 Na5 11. Ba2 c5 12. Nc3 b4 13. Ne2 Rb8 14. Ng3 Bc8 15. Bc4
Nxc4 16. dxc4 Ne8 17. Nh2 g6 18. f4 Ng7 19. Nf3 Bh4 20. Nxh4 Qxh4 21. Qf3 f5
22. Qf2 g5 23. fxe5 fxe4 24. Qe3 Rf3 0-1

[Event "Hoogeveen open"]
[Site "Hoogeveen, Netherlands"]
[Date "2008.10.21"]
[Round "5"]
[White "Haslinger, Stewart G"]
[Black "Strating, Sybolt"]
[Result "1-0"]
[WhiteElo "2506"]
[BlackElo "2335"]
[PlyCount "51"]
[EventDate "2008.??.??"]

1. e4 c6 2. d4 d5 3. e5 Bf5 4. Nf3 e6 5. Be2 c5 6. Be3 Nd7 7. O-O Ne7 8. c4
dxc4 9. Na3 Nd5 10. Nxc4 b5 11. Bg5 Qb8 12. Ne3 h6 13. Bh4 Nxe3 14. fxe3 a6 15.
a4 b4 16. Nd2 g5 17. Bg3 Qa7 18. Nc4 Be7 19. d5 O-O 20. Rxf5 exf5 21. Qd3 Nb6
22. Qxf5 Kg7 23. d6 Bd8 24. Bd3 Rh8 25. Nxb6 Qxb6 26. e6 1-0

[Event "Hoogeveen open"]
[Site "Hoogeveen, Netherlands"]
[Date "2008.10.21"]
[Round "5"]
[White "Mekhitarian, Krikor Sevag"]
[Black "Pruijssers, Roeland"]
[Result "1-0"]
[WhiteElo "2511"]
[BlackElo "2458"]
[PlyCount "137"]
[EventDate "2008.??.??"]

1. e4 e5 2. Nf3 Nc6 3. Bb5 a6 4. Ba4 Nf6 5. O-O b5 6. Bb3 Bb7 7. d3 Bc5 8. Nc3
O-O 9. a4 Na5 10. Ba2 b4 11. Nd5 Nxd5 12. Bxd5 Bxd5 13. exd5 Qf6 14. Be3 Qd6
15. Re1 Bxe3 16. Rxe3 f6 17. Qe1 Rab8 18. Rd1 Qxd5 19. d4 Nc4 20. dxe5 Nxe3 21.
Rxd5 Nxd5 22. exf6 Rxf6 23. Qe5 Rd6 24. h3 Rf8 25. Kh2 g6 26. a5 Rf7 27. Ng5
Re7 28. Qd4 Nf6 29. Qxb4 Re8 30. Qc4+ Rd5 31. f4 c6 32. Qxa6 Kg7 33. Qc4 h6 34.
Nf3 Rxa5 35. Ne5 Rd5 36. Qb3 Re6 37. c4 Rd4 38. Qc2 Re4 39. b4 g5 40. Nd3 Re2
41. Qb1 R6e4 42. fxg5 hxg5 43. b5 Rxc4 44. b6 Rcc2 45. Qxc2 Rxc2 46. b7 Rc3 47.
Nb4 g4 48. Kg1 Rc1+ 49. Kf2 Rb1 50. b8=Q c5 51. Qe5 Rxb4 52. h4 Kf7 53. h5 Rb1
54. Qf5 Rh1 55. Qg6+ Ke6 56. h6 c4 57. Ke3 d5 58. Kd4 Rh2 59. Qg5 Rh5 60. Qxh5
Nxh5 61. h7 Nf6 62. h8=Q Kf5 63. Qg7 Ke6 64. Qg5 c3 65. Qe5+ Kf7 66. Kxc3 g3
67. Kd4 Kg6 68. Qxg3+ Kf5 69. Qf3+ 1-0

[Event "Hoogeveen open"]
[Site "Hoogeveen, Netherlands"]
[Date "2008.10.21"]
[Round "5"]
[White "L'Ami, Erwin"]
[Black "Van Eijk, Sander"]
[Result "1-0"]
[WhiteElo "2610"]
[BlackElo "2366"]
[PlyCount "111"]
[EventDate "2008.??.??"]

1. d4 Nf6 2. c4 e6 3. g3 c5 4. d5 d6 5. Nc3 exd5 6. cxd5 g6 7. Bg2 Bg7 8. Nf3
O-O 9. O-O a6 10. a4 Nbd7 11. Bf4 Qc7 12. e4 Re8 13. Re1 Nh5 14. Be3 Rb8 15.
Rc1 Nhf6 16. Bf4 Nh5 17. Bd2 Ne5 18. Nxe5 Bxe5 19. b4 b6 20. Ne2 Qd8 21. h3 Bg7
22. Qb3 Rb7 23. Qa3 Nf6 24. Nc3 Nd7 25. b5 a5 26. f4 h5 27. Re2 Bd4+ 28. Be3
Nf6 29. Rce1 Rbe7 30. Bxd4 cxd4 31. Nd1 Nxd5 32. Qd3 Nb4 33. Qxd4 Qc7 34. Nc3
Bb7 35. Rd2 Rc8 36. Re3 Qc5 37. Qxc5 dxc5 38. Ree2 Rce8 39. Rd6 Re6 40. Red2
Kf8 41. e5 Bxg2 42. Kxg2 f6 43. exf6 Kf7 44. Rxe6 Rxe6 45. Kf3 Kxf6 46. Ne4+
Kg7 47. g4 hxg4+ 48. hxg4 c4 49. Rd4 c3 50. Nxc3 Nc2 51. Rd7+ Kf8 52. Nd5 Nd4+
53. Kg3 Ne2+ 54. Kh4 Ke8 55. Rb7 Kf8 56. Rxb6 1-0

[Event "Hoogeveen open"]
[Site "Hoogeveen, Netherlands"]
[Date "2008.10.21"]
[Round "5"]
[White "Di Berardino, Diego Rafael"]
[Black "Vedder, Henk"]
[Result "1-0"]
[WhiteElo "2502"]
[BlackElo "2358"]
[PlyCount "57"]
[EventDate "2008.??.??"]

1. e4 e6 2. d4 d5 3. Nc3 Nf6 4. Bg5 dxe4 5. Nxe4 Nbd7 6. Nf3 h6 7. Nxf6+ Nxf6
8. Bh4 c5 9. Bc4 a6 10. Qe2 g5 11. Bg3 b5 12. Bd3 c4 13. Be4 Nxe4 14. Qxe4 Qd5
15. Qe2 Be7 16. O-O-O Bb7 17. h4 g4 18. Ne5 Qxg2 19. Qxg4 Qe4 20. Qh5 Qh7 21.
d5 Bxd5 22. Rxd5 exd5 23. Re1 O-O-O 24. Nxf7 Rhe8 25. Re6 Qg7 26. Nxd8 Rxd8 27.
Rg6 Qd4 28. Qf5+ Rd7 29. Rg8+ 1-0

[Event "Hoogeveen open"]
[Site "Hoogeveen, Netherlands"]
[Date "2008.10.21"]
[Round "5"]
[White "Bykhovsky, Anatoly A"]
[Black "Van Delft, Merijn"]
[Result "1/2-1/2"]
[WhiteElo "2364"]
[BlackElo "2402"]
[PlyCount "20"]
[EventDate "2008.??.??"]

1. e4 c6 2. d4 d5 3. Nc3 dxe4 4. Nxe4 Bf5 5. Ng3 Bg6 6. Nf3 Nd7 7. Bd3 Bxd3 8.
Qxd3 Ngf6 9. O-O e6 10. Bd2 Be7 1/2-1/2

[Event "Hoogeveen open"]
[Site "Hoogeveen, Netherlands"]
[Date "2008.10.21"]
[Round "5"]
[White "Vul, Arkadi Eremeevich"]
[Black "Slingerland, Fred"]
[Result "1/2-1/2"]
[WhiteElo "2351"]
[BlackElo "2373"]
[PlyCount "37"]
[EventDate "2008.??.??"]

1. Nf3 d5 2. d4 Nf6 3. c4 dxc4 4. e3 e6 5. Bxc4 a6 6. O-O c5 7. dxc5 Bxc5 8.
Qxd8+ Kxd8 9. a3 b5 10. Be2 Bb7 11. b4 Bd6 12. Bb2 Nbd7 13. Nbd2 Nb6 14. Be5
Ke7 15. Bxd6+ Kxd6 16. Rfd1 Ke7 17. Nd4 Rhc8 18. N2b3 Na4 19. Rac1 1/2-1/2

[Event "Hoogeveen open"]
[Site "Hoogeveen, Netherlands"]
[Date "2008.10.21"]
[Round "5"]
[White "Kaplan, Sasha"]
[Black "De Groote, Ewoud"]
[Result "1/2-1/2"]
[WhiteElo "2425"]
[BlackElo "2208"]
[PlyCount "117"]
[EventDate "2008.??.??"]

1. e4 c5 2. Nf3 d6 3. d4 cxd4 4. Nxd4 Nf6 5. Nc3 a6 6. Be2 e6 7. O-O Be7 8. f4
O-O 9. Be3 Nc6 10. Kh1 Qc7 11. Qe1 Bd7 12. Qg3 b5 13. a3 Nxd4 14. Bxd4 Bc6 15.
Rae1 Qb7 16. Bd3 Rfd8 17. Qh3 h6 18. f5 e5 19. Be3 Kh7 20. Bd2 Rh8 21. b4 Kg8
22. Qf3 Rc8 23. Qe2 d5 24. exd5 Nxd5 25. Nxd5 Bxd5 26. a4 Bh4 27. axb5 axb5 28.
Ra1 e4 29. Bxb5 Rxc2 30. Ba6 Qd7 31. Rac1 Rxc1 32. Bxc1 Bf6 33. Bb2 Bxb2 34.
Qxb2 Kh7 35. Qd4 Rd8 36. f6 g6 37. Rd1 e3 38. Kg1 Qe6 39. Be2 Rd7 40. Rd3 Bc6
41. Qxe3 Qxf6 42. Rxd7 Bxd7 43. b5 Qa1+ 44. Kf2 Qb2 45. Qc5 Qf6+ 46. Kg1 Qa1+
47. Bf1 Bf5 48. Qf2 Kg7 49. b6 Bd3 50. h4 Be4 51. Kh2 g5 52. hxg5 hxg5 53. Bc4
Qe5+ 54. Qg3 Qc5 55. Be2 Bb7 56. Qc7 Qxc7+ 57. bxc7 f5 58. g4 fxg4 59. Bxg4
1/2-1/2

[Event "Hoogeveen open"]
[Site "Hoogeveen, Netherlands"]
[Date "2008.10.21"]
[Round "5"]
[White "Van Assendelft, Floris"]
[Black "Van de Oudeweetering, Arth"]
[Result "1-0"]
[WhiteElo "2253"]
[BlackElo "2350"]
[PlyCount "75"]
[EventDate "2008.??.??"]

1. e4 e5 2. Nf3 Nc6 3. Bb5 a6 4. Ba4 Nf6 5. O-O b5 6. Bb3 Bb7 7. c3 Nxe4 8. d4
exd4 9. Re1 d5 10. Ng5 Qd7 11. f3 h6 12. Nxf7 Qxf7 13. fxe4 O-O-O 14. cxd4 Bb4
15. Nc3 Na5 16. Rf1 Qg6 17. Bxd5 Bxc3 18. bxc3 Bxd5 19. exd5 Rxd5 20. a4 Re8
21. axb5 Rxb5 22. Bf4 Rb2 23. Qf3 Nc4 24. Qa8+ Kd7 25. Qd5+ Kc8 26. Qa8+ Kd7
27. Qd5+ Kc8 28. Rae1 Nb6 29. Rxe8+ Qxe8 30. Qc5 Qd7 31. Qa3 Qb5 32. Qf8+ Kb7
33. Qxg7 Nd5 34. Qe5 Rb1 35. Rc1 a5 36. h4 a4 37. Kh2 Nxf4 38. Qe4+ 1-0

[Event "Hoogeveen open"]
[Site "Hoogeveen, Netherlands"]
[Date "2008.10.21"]
[Round "5"]
[White "Vedder, Richard"]
[Black "Van Apeldoorn, Janton"]
[Result "1-0"]
[WhiteElo "2334"]
[BlackElo "2188"]
[PlyCount "123"]
[EventDate "2008.??.??"]

1. e4 c5 2. Nf3 Nc6 3. Bb5 g6 4. O-O Bg7 5. c3 Nf6 6. Qa4 Qb6 7. Re1 O-O 8. d4
cxd4 9. cxd4 d5 10. e5 Ne4 11. Nc3 Nxc3 12. bxc3 Bg4 13. Nd2 f6 14. Bxc6 Qxc6
15. Qxc6 bxc6 16. e6 c5 17. h3 Bf5 18. dxc5 Rac8 19. Nb3 Bc2 20. Be3 f5 21. Bd4
Bh6 22. Na5 Bf4 23. g3 Bb8 24. Re2 Be4 25. Rb2 f4 26. g4 h5 27. Rb7 Rc7 28.
Rxc7 Bxc7 29. Nc6 hxg4 30. hxg4 f3 31. Be5 Bxe5 32. Nxe5 Rc8 33. c6 d4 34. cxd4
Bxc6 35. Nxg6 Re8 36. Kh2 Kg7 37. Nf4 Kf6 38. d5 Ke5 39. Kg3 Bxd5 40. Nxd5 Kxd5
41. Re1 Rf8 42. Re3 Rf6 43. g5 Rg6 44. Kg4 Rxe6 45. Kxf3 Ra6 46. a3 e5 47. Kg4
Ra4+ 48. Kh5 Rf4 49. f3 Ke6 50. Kg6 a5 51. Kg7 Rf7+ 52. Kh6 Rf4 53. Rb3 Kf5 54.
g6 Rh4+ 55. Kg7 Rc4 56. Rb6 Rc3 57. Kf7 Rc7+ 58. Kg8 Rc3 59. g7 Rxf3 60. Kh7
Rg3 61. g8=Q Rxg8 62. Kxg8 1-0

[Event "Hoogeveen open"]
[Site "Hoogeveen, Netherlands"]
[Date "2008.10.21"]
[Round "5"]
[White "Pel, Bonno"]
[Black "Tate, Alan"]
[Result "1-0"]
[WhiteElo "2324"]
[BlackElo "2144"]
[PlyCount "147"]
[EventDate "2008.??.??"]

1. Nc3 c5 2. e4 Nc6 3. f4 g6 4. Nf3 Bg7 5. g4 e6 6. Bg2 Nge7 7. O-O d5 8. d3
dxe4 9. dxe4 Bxc3 10. Qxd8+ Nxd8 11. bxc3 Ndc6 12. e5 Bd7 13. Ng5 Na5 14. Ne4
Bc6 15. Nd6+ Kd7 16. Nxf7 Bxg2 17. Kxg2 Rhf8 18. Nd6 b6 19. c4 Nc8 20. Ne4 Rf7
21. Rf3 Nxc4 22. Rc3 Na5 23. Be3 Ne7 24. Ng5 Nd5 25. Rd3 Rg7 26. Rad1 Ke7 27.
Bc1 Rd8 28. Kf3 h6 29. Ne4 Nc6 30. c4 Ndb4 31. Rxd8 Nxd8 32. Nf6 Ndc6 33. a3
Nc2 34. Ke4 N2d4 35. Bd2 Kf8 36. Be1 Rc7 37. Rd3 Rc8 38. h4 Kf7 39. h5 gxh5 40.
Nxh5 Rg8 41. Nf6 Rd8 42. Bd2 Kg6 43. Nh5 Re8 44. Rh3 Rd8 45. Be3 Ne7 46. Bf2
Ndc6 47. f5+ Kf7 48. fxe6+ Kxe6 49. Nf4+ Kd7 50. Rxh6 Rg8 51. Rh4 Ng6 52. Rh7+
Nge7 53. Rh4 Ng6 54. Nxg6 Rxg6 55. Be3 Ke6 56. Bf4 Na5 57. g5 Nc6 58. Rh6 Ne7
59. Rh8 Ng8 60. Rh1 Ne7 61. Rd1 Nf5 62. Rd8 Rg7 63. Rf8 Nh4 64. Rf6+ Ke7 65. a4
Rg8 66. Be3 Ng2 67. g6 Nxe3 68. Kxe3 Rh8 69. Ke4 Rh1 70. Kd5 Rd1+ 71. Kc6 Rd4
72. Kb5 Re4 73. Rf7+ Ke6 74. Rxa7 1-0